000 00821nam a2200253 i 4500
001 bg
245 0 0 _aLaboratorium techniki wysokich napięć /
_cpod red. Tomasza Boczara ; Józef Kędzia [et al.].
260 _aOpole :
_bOficyna Wydawnicza Politechniki Opolskiej,
_c2008.
300 _a197 s. :
_bil. ;
_c24 cm.
490 1 _aSkrypt / Politechnika Opolska,
_x1427-9932 ;
_vnr 282
504 _aBibliogr. s. 196-197.
650 9 _aTechnika wysokich napięć
655 _aPodręczniki akademickie
700 1 _aBoczar, Tomasz.
_eRed.
700 1 _aKędzia, Józef.
830 0 _aSkrypt - Politechnika Opolska
_x1427-9932
_vnr 282
015 _aPB 19705/2008
040 _cBPK
041 0 _apol
044 _aPOL
080 _a621.315.027.3(075.8)
942 _cKS
008 080811s2008 pl a |000 0 pol
999 _c55348
_d55348
856 _uhttp://koha.tu.koszalin.pl/cgi-bin/koha/opac-detail.pl?biblionumber=55348
_yKatalog online BPK